000 00288nam a22001217a 4500
040 _cHS
082 _a634
100 _aសូ ថន
245 _aសារពើភ័ណ្ឌព្រៃឈើ forest inventory
260 _aRUA
_bសូ ថន
_c2007
300 _a134p;
942 _cKB
999 _c9029
_d9029